00654 2200241 4500001002100000005001500021035002000036007000300056008004100059020001800100082001000118084001600128100002400144245006200168250001700230260004300247300003000290650001900320500001300339504003000352990001400382990001600396INLIS00000000000011620200924092934 a0010-0917000102ta200924 f 0 ind  a979-421-994-0 a297.4 a297.4 MUH h0 aMUHAMMAD, Amin Suma1 aHukum Keluarga Islam di Dunia Islam /cMuhammad Amin Suma aed. Revisi 2 aJakarta :bRajaGrafindo Persada,c2005 axxiii, 388 hlm. ;c21 cm. 4aKeluarga Islam aLampiran aBibliografi : hlm.217-225 a1005.4005 a1005.4005 a